[Event "San Francisco TNM Fall op"]
[Site "San Francisco"]
[Date "2017.11.07"]
[Round "3"]
[White "Morgan, Jerry"]
[Black "Newey, Richard H"]
[Result "1-0"]
[WhiteElo "1484"]
[BlackElo "1765"]
[PlyCount "63"]
[EventDate "2017.10.24"]
[EventType "swiss"]
[EventRounds "9"]
[EventCountry "USA"]
[SourceTitle "EXT 2023"]
[Source "ChessBase"]
[SourceDate "2022.10.05"]
[SourceVersion "1"]
[SourceVersionDate "2022.10.05"]
[SourceQuality "1"]

1. f4 d5 2. Nf3 c5 3. e3 Nf6 4. b3 Nc6 5. Bb5 a6 6. Bxc6+ bxc6 7. Bb2 e6 8. 0-0 Be7 9. Ne5 Bb7 10. d3 0-0 11. Nd2 Nd7 12. Ndf3 Nxe5 13. fxe5 a5 14. c4 Qb6 15. Bc3 Rfd8 16. Rb1 d4 17. Bd2 f6 18. e4 Rf8 19. exf6 Bxf6 20. Bg5 e5 21. Bxf6 gxf6 22. Nh4 Bc8 23. Qh5 Rf7 24. Rf3 Qd8 25. Rg3+ Rg7 26. Rxg7+ Kxg7 27. Rf1 Ra7 28. Rf3 Kg8 29. Nf5 Bxf5 30. Qxf5 Rf7 31. Qe6 Kf8 32. Qxc6 1-0

[Event "San Francisco TNM Fall op"]
[Site "San Francisco"]
[Date "2017.10.24"]
[Round "1"]
[White "Carrel, Nick"]
[Black "Newey, Richard H"]
[Result "0-1"]
[WhiteElo "1030"]
[BlackElo "1765"]
[PlyCount "46"]
[EventDate "2017.10.24"]
[EventType "swiss"]
[EventRounds "9"]
[EventCountry "USA"]
[SourceTitle "EXT 2023"]
[Source "ChessBase"]
[SourceDate "2022.10.05"]
[SourceVersion "1"]
[SourceVersionDate "2022.10.05"]
[SourceQuality "1"]

1. e4 c5 2. Nf3 e6 3. d4 cxd4 4. Nxd4 a6 5. Nc3 Qc7 6. Bd2 Nf6 7. Bd3 Bc5 8. Be3 Nc6 9. Na4 Bxd4 10. c3 Bxe3 11. fxe3 Ne5 12. Be2 b5 13. b4 bxa4 14. Qxa4 Qxc3+ 15. Kf2 Nxe4+ 16. Kg1 Qxa1+ 17. Bd1 Qb2 18. Qc2 Qxc2 19. Bxc2 Bb7 20. h3 Rc8 21. Bxe4 Bxe4 22. Kh2 Rc2 23. a4 Rxg2# 0-1

[Event "San Francisco TNM Summer op"]
[Site "San Francisco"]
[Date "2017.07.18"]
[Round "8"]
[White "Riese, Kayven"]
[Black "Newey, Richard H"]
[Result "1-0"]
[WhiteElo "1938"]
[BlackElo "1745"]
[PlyCount "91"]
[EventDate "2017.05.23"]
[EventType "swiss"]
[EventRounds "8"]
[EventCountry "USA"]
[SourceTitle "EXT 2023"]
[Source "ChessBase"]
[SourceDate "2022.10.05"]
[SourceVersion "1"]
[SourceVersionDate "2022.10.05"]
[SourceQuality "1"]

1. e4 e5 2. Nf3 Nc6 3. Bb5 Nf6 4. 0-0 d6 5. c3 Bd7 6. Re1 Be7 7. h3 a6 8. Bf1 b5 9. d4 0-0 10. Na3 b4 11. Nc4 bxc3 12. bxc3 exd4 13. cxd4 d5 14. exd5 Nxd5 15. Bd2 Bf5 16. Qa4 Bd7 17. Qd1 Bf5 18. a3 Bf6 19. Nce5 Qd6 20. Rc1 Nce7 21. Rc5 Bc8 22. Qb3 Be6 23. Qc2 Rfb8 24. Rc1 Qb6 25. Ba5 Qb2 26. Qxb2 Rxb2 27. Ra1 Nb6 28. Nd3 Rb5 29. Rxb5 axb5 30. Bxb6 cxb6 31. Nde5 b4 32. a4 Bd5 33. Bb5 Nc8 34. Rb1 b3 35. Nd7 Bxf3 36. Nxf6+ gxf6 37. gxf3 Nd6 38. Bc6 Rc8 39. d5 Nc4 40. Rxb3 Na5 41. Rxb6 Rd8 42. Rb5 Nc4 43. a5 Nd6 44. Rb4 Rc8 45. a6 Rc7 46. Rb7 1-0

[Event "San Francisco TNM Spring op"]
[Site "San Francisco"]
[Date "2017.03.21"]
[Round "2"]
[White "Kim, Isaiah T"]
[Black "Newey, Richard H"]
[Result "1-0"]
[WhiteElo "1900"]
[BlackElo "1721"]
[PlyCount "53"]
[EventDate "2017.03.14"]
[EventType "swiss"]
[EventRounds "8"]
[EventCountry "USA"]
[SourceTitle "EXT 2023"]
[Source "ChessBase"]
[SourceDate "2022.10.05"]
[SourceVersion "1"]
[SourceVersionDate "2022.10.05"]
[SourceQuality "1"]

1. d4 Nf6 2. c4 c6 3. Nc3 d5 4. e3 e6 5. Nf3 Bd6 6. Bd2 Nbd7 7. Qc2 0-0 8. Bd3 b6 9. e4 dxc4 10. Bxc4 e5 11. d5 Bb7 12. Bg5 Rc8 13. dxc6 Bxc6 14. 0-0 Qc7 15. Bb3 Bxe4 16. Nxe4 Qxc2 17. Bxc2 Rxc2 18. Nxd6 Rxb2 19. Bxf6 gxf6 20. Nh4 Nc5 21. Rfb1 Nd3 22. Rxb2 Nxb2 23. Rc1 Nd3 24. Rc7 a5 25. Nhf5 Nb4 26. a3 Nd5 27. Rd7 1-0

[Event "San Francisco TNM Fall op"]
[Site "San Francisco"]
[Date "2016.12.06"]
[Round "8"]
[White "Newey, Richard H"]
[Black "Gray, William"]
[Result "0-1"]
[WhiteElo "1773"]
[BlackElo "2022"]
[PlyCount "44"]
[EventDate "2016.10.18"]
[EventType "swiss"]
[EventRounds "9"]
[EventCountry "USA"]
[SourceTitle "EXT 2018"]
[Source "ChessBase"]
[SourceDate "2017.10.13"]
[SourceVersion "1"]
[SourceVersionDate "2017.10.13"]
[SourceQuality "1"]

1. e4 c5 2. Nf3 d6 3. d4 Nf6 4. Nc3 cxd4 5. Nxd4 g6 6. Bc4 Bg7 7. f3 0-0 8. Be3 Nc6 9. Qd2 Bd7 10. 0-0-0 Qc8 11. Nxc6 bxc6 12. g4 Be6 13. Bd3 d5 14. Kb1 Rd8 15. Bc5 dxe4 16. g5 exd3 17. gxf6 dxc2+ 18. Qxc2 exf6 19. Ka1 f5 20. h4 h5 21. Rdg1 Qc7 22. Rg2 Qf4 0-1

[Event "San Francisco TNM Spring op"]
[Site "San Francisco"]
[Date "2016.05.03"]
[Round "8"]
[White "Newey, Richard H"]
[Black "Krasnov, Steven Lender"]
[Result "0-1"]
[WhiteElo "1819"]
[BlackElo "1993"]
[PlyCount "72"]
[EventDate "2016.03.15"]
[EventType "swiss"]
[EventRounds "8"]
[EventCountry "USA"]
[SourceTitle "EXT 2018"]
[Source "ChessBase"]
[SourceDate "2017.10.13"]
[SourceVersion "1"]
[SourceVersionDate "2017.10.13"]
[SourceQuality "1"]

1. e4 c5 2. Nf3 g6 3. Bc4 Bg7 4. Nc3 Nc6 5. 0-0 e6 6. d3 Nge7 7. Bf4 d6 8. Nb5 Ne5 9. Nxe5 dxe5 10. Be3 a6 11. Nc3 b5 12. Nxb5 axb5 13. Bxb5+ Bd7 14. Bxd7+ Qxd7 15. Bxc5 0-0 16. a4 Rfc8 17. b4 Bf8 18. a5 Nc6 19. Bxf8 Kxf8 20. Qd2 Nd4 21. Rfc1 Rc6 22. Rab1 Rac8 23. Rb2 Rc3 24. Kf1 Qa4 25. g4 Rxc2 26. Qh6+ Kg8 27. Rcxc2 Rxc2 28. Rxc2 Qxc2 29. Qe3 Qb1+ 30. Kg2 Qxb4 31. a6 Qa5 32. h4 Kg7 33. h5 Qxa6 34. Qg5 f6 35. h6+ Kf7 36. Qc1 Qc6 0-1

[Event "San Francisco TNM Spring op"]
[Site "San Francisco"]
[Date "2016.04.26"]
[Round "7"]
[White "James, Charles"]
[Black "Newey, Richard H"]
[Result "0-1"]
[WhiteElo "1370"]
[BlackElo "1819"]
[PlyCount "60"]
[EventDate "2016.03.15"]
[EventType "swiss"]
[EventRounds "8"]
[EventCountry "USA"]
[SourceTitle "EXT 2018"]
[Source "ChessBase"]
[SourceDate "2017.10.13"]
[SourceVersion "1"]
[SourceVersionDate "2017.10.13"]
[SourceQuality "1"]

1. d4 d5 2. c4 e6 3. Nc3 Nf6 4. cxd5 exd5 5. Bg5 Be7 6. Qc2 0-0 7. e3 Bg4 8. f3 Bh5 9. Bd3 Nbd7 10. Nge2 Rc8 11. 0-0-0 c5 12. dxc5 Rxc5 13. b4 Rc8 14. Qb3 a5 15. a3 Qb6 16. Kd2 Nc5 17. Qb1 Nxd3 18. Qxd3 Bg6 19. Qd4 Qxd4+ 20. Nxd4 axb4 21. Ncb5 bxa3 22. Ra1 Ra8 23. Ra2 Rfd8 24. Rc1 Ne4+ 25. fxe4 Bxg5 26. exd5 Rxd5 27. Nc7 Rxd4+ 28. Kc3 Rd3+ 29. Kb4 Be7+ 30. Kc4 Rc8 0-1

[Event "San Francisco TNM Winter op"]
[Site "San Francisco"]
[Date "2016.02.23"]
[Round "8"]
[White "LaGrotta, Daniel S"]
[Black "Newey, Richard H"]
[Result "0-1"]
[WhiteElo "1653"]
[BlackElo "1819"]
[PlyCount "52"]
[EventDate "2016.01.05"]
[EventType "swiss"]
[EventRounds "8"]
[EventCountry "USA"]
[SourceTitle "EXT 2018"]
[Source "ChessBase"]
[SourceDate "2017.10.13"]
[SourceVersion "1"]
[SourceVersionDate "2017.10.13"]
[SourceQuality "1"]

1. e4 c5 2. Nf3 d6 3. d4 cxd4 4. Nxd4 Nf6 5. Nc3 Nc6 6. Be3 g6 7. Bb5 Bd7 8. Nxc6 bxc6 9. Be2 Bg7 10. Qd2 Rb8 11. Rb1 Qa5 12. 0-0 0-0 13. a3 Ng4 14. Bxg4 Bxg4 15. Nd5 Qd8 16. Nb4 Qc7 17. Bxa7 Rxb4 18. Qxb4 Qxa7 19. e5 Qd7 20. exd6 exd6 21. h3 Be6 22. c4 Bd4 23. Qd2 c5 24. Rfc1 Qe7 25. Re1 Qf6 26. Re2 Bxc4 0-1

[Event "San Francisco Leighton Memorial"]
[Site "San Francisco"]
[Date "2015.08.25"]
[Round "4"]
[White "Newey, Richard H"]
[Black "Robertson, Guy"]
[Result "1-0"]
[WhiteElo "1790"]
[BlackElo "1668"]
[PlyCount "111"]
[EventDate "2015.08.04"]
[EventType "swiss"]
[EventRounds "9"]
[EventCountry "USA"]
[SourceTitle "EXT 2023"]
[Source "ChessBase"]
[SourceDate "2022.10.05"]
[SourceVersion "1"]
[SourceVersionDate "2022.10.05"]
[SourceQuality "1"]

1. e4 c5 2. Nf3 d6 3. Bc4 a6 4. a4 Nc6 5. 0-0 Nf6 6. Re1 Bg4 7. d3 Nd4 8. Nbd2 e6 9. c3 Nxf3+ 10. Nxf3 Be7 11. Bf4 e5 12. Bg5 0-0 13. Bh4 Qc7 14. a5 Rad8 15. Bxf6 Bxf6 16. h3 Bh5 17. g4 Bg6 18. Nd2 h6 19. Bd5 Bg5 20. Nf1 Bf4 21. Ne3 Kh7 22. Qf3 f6 23. Ng2 Bf7 24. Nxf4 exf4 25. Bxf7 Qxf7 26. Qxf4 Qg6 27. Qf5 Rfe8 28. Re3 Qxf5 29. exf5 Rxe3 30. fxe3 d5 31. Rd1 d4 32. Kf2 dxe3+ 33. Kxe3 Re8+ 34. Kd2 Re7 35. Re1 Rd7 36. Kc2 g6 37. Re6 Kg7 38. d4 cxd4 39. cxd4 gxf5 40. gxf5 Kf7 41. Rb6 Rd5 42. Rxb7+ Ke8 43. Rb6 Rxf5 44. Rxa6 Rf2+ 45. Kc3 Kd7 46. h4 Rh2 47. Rxf6 Rxh4 48. Rf7+ Kc6 49. Kc4 h5 50. Rf6+ Kb7 51. Rh6 Rh1 52. b4 h4 53. d5 h3 54. Kb5 Rd1 55. Rh7+ Ka8 56. Kb6 1-0

[Event "San Francisco TNM Summer op"]
[Site "San Francisco"]
[Date "2015.06.16"]
[Round "4"]
[White "Mondal, Aniket"]
[Black "Newey, Richard H"]
[Result "0-1"]
[WhiteElo "800"]
[BlackElo "1795"]
[PlyCount "116"]
[EventDate "2015.05.26"]
[EventType "swiss"]
[EventRounds "8"]
[EventCountry "USA"]
[SourceTitle "EXT 2016"]
[Source "ChessBase"]
[SourceDate "2015.10.08"]
[SourceVersion "1"]
[SourceVersionDate "2015.10.08"]
[SourceQuality "1"]

1. e4 c5 2. Nf3 d6 3. Bb5+ Nd7 4. 0-0 a6 5. Bxd7+ Bxd7 6. d4 cxd4 7. Nxd4 g6 8. Nc3 Bg7 9. Re1 Rc8 10. Bg5 Qb6 11. Nb3 Rxc3 12. bxc3 Bxc3 13. Re3 Bxa1 14. Qxa1 f6 15. Rd3 Qb4 16. Rd4 Qb5 17. Be3 Bc6 18. a4 Qh5 19. Qc3 Nh6 20. Bxh6 Qxh6 21. Rd2 Qf4 22. f3 0-0 23. Nd4 Bd7 24. Rd1 Rc8 25. Qb3+ Kf8 26. Qxb7 Qe3+ 27. Kh1 Rc4 28. Qxd7 Rxd4 29. Rg1 Rc4 30. Rb1 Kf7 31. Qb7 Qc3 32. Qd5+ Kf8 33. Rb8+ Rc8 34. Rxc8+ Qxc8 35. Qd3 Qb7 36. Qb3 Qa7 37. a5 Qd4 38. Qb8+ Kg7 39. Qb1 Qc3 40. Qb6 Qe1+ 41. Qg1 Qxa5 42. h3 Qc5 43. Qb1 Qb5 44. Qa1 a5 45. g4 Qe5 46. Qa4 Qc3 47. Qe8 Qxf3+ 48. Kh2 Qxe4 49. Kg3 Qe3+ 50. Kg2 Qa7 51. Kf3 a4 52. Ke2 a3 53. Kd3 a2 54. Kc4 Qc7+ 55. Kd3 a1Q 56. g5 Qcc3+ 57. Ke4 Qh1+ 58. Kf4 Qhf3# 0-1